000 00886nam a2200289 4500
001 15858
003 BD-RjUL
005 20211208235911.0
008 140211s1972 1971 us a b 001 0 eng d
020 _a0070581401
035 _a(BD-RjUL)15913
040 _aBD-RjUL
_beng
_cBD-RjUL
_dBD-RjUL
041 _aeng
082 _a660.28
_bSLM 1972
100 1 _aSlattery, John Charles,
_d1932-
_949179
245 1 0 _aMomentum, energy, and mass transfer in continua /
_cby]John C. Slattery.
260 _aNew York :
_bMcGraw-Hill,
_cc1972
300 _axvii, 679 p :
_billus ;
_c23 cm
504 _aIncludes bibliographical references
650 0 _aEnergy transfer
_934711
650 0 _aHeat
_xTransmission
_949180
650 0 _aMass transfer
_927037
830 0 _aMcGraw-Hill chemical engineering series
_949472
942 _2ddc
_cBK
999 _c15858
_d15858